Countries with the largest populations in prison - Statistics

General Stats
  • This quiz has been taken 344 times
  • The average score is 23 of 30
Answer Stats
Hint Answer % Correct
2 China
98%
5 India
93%
3 Russia
93%
4 Brazil
90%
7 Mexico
89%
9 Indonesia
85%
23 France
84%
8 Iran
84%
27 Egypt
83%
29 Japan
83%
18 Pakistan
83%
13 Colombia
81%
25 Argentina
80%
10 Turkey
80%
28 Germany
79%
11 South Africa
79%
24 Spain
77%
6 Thailand
76%
22 Ukraine
76%
12 Vietnam
75%
19 Peru
72%
17 Poland
69%
30 Algeria
66%
21 Bangladesh
66%
14 Philippines
64%
1 United States
64%
15 Ethiopia
61%
20 Morocco
58%
16 United Kingdom
45%
26 Taiwan
39%
No matching quizzes found
Score Distribution
Percent of People with Each Score
Percentile by Number Answered
Your Score History
You have not taken this quiz